50 Best Songs of the 1990s - Statistics

General Stats
  • This quiz has been taken 93 times
  • The average score is 11 of 50
Answer Stats
Song Artist % Correct
Smells Like Teen Spirit Nirvana
96%
Wonderwall Oasis
85%
No Scrubs TLC
71%
The Sign Ace of Base
62%
Loser Beck
52%
Mo Money, Mo Problems Notorious B.I.G
51%
Baby Got Back Sir Mix-a-Lot
51%
1979 Smashing Pumpkins
48%
Ain't Nothing but a G Thang Dr. Dre, Snoop Dogg
47%
Torn Natalie Imbruglia
42%
No Diggity Blackstreet
37%
If It Makes You Happy Sheryl Crow
36%
Common People Pulp
34%
Self Esteem The Offspring
30%
Around the World Daft Punk
29%
Nightswimming R.E.M
27%
Rosa Parks OutKast
26%
Doll Parts Hole
23%
Damn I Wish I Was Your Lover Sophie B. Hawkins
23%
Sometimes Britney Spears
22%
You Get What You Give New Radicals
22%
Flagpole Sitta Harvey Danger
21%
Sure Shot Beastie Boys
18%
Heartbreak Hotel Whitney Houston
16%
Still Not a Player Big Pun
14%
Don't Let Go (Love) En Vogue
14%
I'll Be Foxy Brown
14%
Queer Garbage
14%
The Rain (Supa Dupa Fly) Missy Elliot
14%
Cannonball The Breeders
14%
Shook Ones Part II Mobb Deep
12%
Alright Supergrass
11%
Are You That Somebody Aaliyah
10%
Glory Box Portishead
10%
Born Slippy (Nuxx) Underworld
10%
Pink Triangle Weezer
10%
Rebel Girl Bikini Kill
4%
Paper Bag Fiona Apple
4%
Fuck and Run Liz Phair
4%
Gold Soundz Pavement
4%
Fotos y Recuerdos Selena
4%
Mind Playing Tricks on Me Geto Boys
1%
Crush on You (Remix) Lil Kim
1%
Brand New Love Sebadoh
1%
Flashlight Fuzzy
0%
XXX Helium
0%
Brooklyn Zoo Ol' Dirty Bastard
0%
Random Rules Silver Jews
0%
Get Up Sleater-Kinney
0%
Cybele's Revenge Stereolab
0%
No matching quizzes found
Score Distribution
Percent of People with Each Score
Percentile by Number Answered
Your Score History
You have not taken this quiz